Touts les commandants de l’Équipage de Barbe Blanche en 20 secondes - Statistiques

Statistiques générales
  • Ce quiz a été pris 23 fois
  • Le résultat moyen est 7 sur 18
Statistiques - réponses
Commandement Capitaine % Correct
2ème Division Ace
100%
1ère Division Marco
100%
Capitaine Barbe Blanche
86%
16ème Division Izou
71%
3ème Division Joz
71%
5ème Division Vista
71%
4ème Division Thatch
57%
6ème Division Blamenco
43%
2ème Division Oden
43%
12ème Division Haruta
29%
10ème Division Curiel
14%
15ème Division Fossa
14%
8ème Division Namur
14%
7ème Division Rakuyo
14%
13ème Division Atmos
0%
9ème Division Blenheim
0%
11ème Division Kingdew
0%
14ème Division Speed Jill
0%
Aucun quiz correspondant
Distribution des résultats
% des personnes avec chaque résultat
Percentile par nombre de réponses
Votre historique - résultats
Vous n’avez pas pris ce quiz